<?xml version="1.0" encoding="UTF-8"?>
<record
    xmlns:xsi="http://www.w3.org/2001/XMLSchema-instance"
    xsi:schemaLocation="http://www.loc.gov/MARC21/slim http://www.loc.gov/standards/marcxml/schema/MARC21slim.xsd"
    xmlns="http://www.loc.gov/MARC21/slim">

  <leader>00847nam a22001937a 4500</leader>
  <datafield tag="999" ind1=" " ind2=" ">
    <subfield code="c">8849</subfield>
    <subfield code="d">8849</subfield>
  </datafield>
  <controlfield tag="003">GBCCL</controlfield>
  <controlfield tag="005">20241126110659.0</controlfield>
  <controlfield tag="008">211123b           ||||| |||| 00| 0 eng d</controlfield>
  <datafield tag="040" ind1=" " ind2=" ">
    <subfield code="c">gbc</subfield>
  </datafield>
  <datafield tag="082" ind1=" " ind2=" ">
    <subfield code="a">261.8095417</subfield>
    <subfield code="b">TRA</subfield>
  </datafield>
  <datafield tag="245" ind1=" " ind2=" ">
    <subfield code="a">Transform North East India : </subfield>
    <subfield code="b">revitalize the Church and community /</subfield>
    <subfield code="c">foreword by Luis Bush ; edited by T. Hawiphal.</subfield>
  </datafield>
  <datafield tag="260" ind1=" " ind2=" ">
    <subfield code="a">Guwahati, Assam, India : </subfield>
    <subfield code="b">Transform North East India </subfield>
    <subfield code="c">2020, 2016.</subfield>
  </datafield>
  <datafield tag="300" ind1=" " ind2=" ">
    <subfield code="a">ix, 297 pages, </subfield>
    <subfield code="b">16 unnumbered pages of plates : illustrations (black and white, and colour), 1 map (colour) ; </subfield>
    <subfield code="c">22 cm</subfield>
  </datafield>
  <datafield tag="650" ind1=" " ind2=" ">
    <subfield code="a">Church and social problems</subfield>
    <subfield code="z">India, </subfield>
    <subfield code="9">1133</subfield>
  </datafield>
  <datafield tag="650" ind1=" " ind2=" ">
    <subfield code="a">Northeastern </subfield>
    <subfield code="v">Congresses. </subfield>
    <subfield code="9">15550</subfield>
  </datafield>
  <datafield tag="650" ind1=" " ind2=" ">
    <subfield code="a">Missions </subfield>
    <subfield code="v"> Congresses. </subfield>
    <subfield code="z">India, </subfield>
    <subfield code="z">Northeastern </subfield>
    <subfield code="9">15551</subfield>
  </datafield>
  <datafield tag="650" ind1=" " ind2=" ">
    <subfield code="a">Tribes </subfield>
    <subfield code="v">Services for</subfield>
    <subfield code="z">India,</subfield>
    <subfield code="z">Northeastern </subfield>
    <subfield code="z">Congresses.</subfield>
    <subfield code="9">15552</subfield>
  </datafield>
  <datafield tag="942" ind1=" " ind2=" ">
    <subfield code="2">ddc</subfield>
    <subfield code="c">BK</subfield>
    <subfield code="0">9</subfield>
  </datafield>
  <datafield tag="952" ind1=" " ind2=" ">
    <subfield code="0">0</subfield>
    <subfield code="1">0</subfield>
    <subfield code="2">ddc</subfield>
    <subfield code="4">0</subfield>
    <subfield code="7">0</subfield>
    <subfield code="a">GBC</subfield>
    <subfield code="b">GBC</subfield>
    <subfield code="c">NE</subfield>
    <subfield code="d">2021-11-23</subfield>
    <subfield code="l">12</subfield>
    <subfield code="m">1</subfield>
    <subfield code="o">261.8095417 TRA</subfield>
    <subfield code="p">015320</subfield>
    <subfield code="r">2025-08-18 14:38:55</subfield>
    <subfield code="s">2025-08-08</subfield>
    <subfield code="t">c.1</subfield>
    <subfield code="w">2021-11-23</subfield>
    <subfield code="y">BK</subfield>
  </datafield>
</record>
